| 000 | 00705nam a2200181 a 4500 | ||
|---|---|---|---|
| 008 | 090928s2007 ||||||||||||||||| || u | ||
| 050 | _aNEWSPAPER | ||
| 110 | _aThe Post Newspapers | ||
| 245 | 1 | 0 |
_a2 CBU students seek legal aid board help _cby Mwila, Chansa |
| 260 |
_aLusaka _bThe Post Newspapers _c2007 |
||
| 300 | _app.9, MIDDLE. | ||
| 350 | _a0.00 | ||
| 500 | _aThe Post, Monday, September 28, 2009 | ||
| 650 | _aSTUDENTS -- COPPERBELT UNIVERSITY | ||
| 650 | _aMANAGEMENT INFORMATION SYSTEMS | ||
| 650 | _aZAMBIA--UNIVERSITY EDUCATION | ||
| 995 |
_D0.00 _FCBU-MAIN LIBRARY (Kitwe) _H1 _I0.00 _M1 _UAVAILABLE _WSep 28, 2009 _ZUniversity Collection |
||
| 999 |
_c33087 _d33087 |
||